LEADER 01596nam a2200337 u 4500 001 000000065936 003 CaOOAMICUS 005 20070226121523.0 008 011218s1988 fr u000 u fre u 020 $a2204030104 035 $a10914620 040 $aPUL$bita 245 04$aLes conférences épiscopales :$bthéologie, statut canonique, avenir : actes du Colloque international de Salamanque (3-8 janvier 1988) /$cH.Legrand, J. Manzanares, A.García y García. 260 $aParis :$bCerf,$c1988. 300 $a530 p. ;$c25 cm 490 1 $aCogitatio fidei ;$v149 500 $aContiene indice delle materie. 504 $aBibliografia in nota. 650 4$aDiritto canonico.$0(OLS)http://pul/subject/1294 650 4$aConferenze episcopali.$0(OLS)http://pul/subject/20443 700 1 $aLegrand, Hervé,$cO.P.$0(OLS)http://pul/name/26499 700 1 $aGarcía y García, Antonio,$d1928-$0(OLS)http://pul/name/1051 700 1 $aManzanares, Julio.$0(OLS)http://pul/name/27337 830 0$aCogitatio fidei ;$v149.$0(OLS)http://pul/title/876 850 $aPUL 852 $aPUL$W1$xSL Religione 2$y84$mTheol A13 149$j85287$nBK-PRI$b $qStampati altre collocazioni$B85287$CPULBib$Z2$F85287 $H $81 941 1 $a10 961 $aINV: 86340 996 $6020$a2204030104$9(OLS)http://pul/number/85514 996 $6245$aLes conférences épiscopales :$bthéologie, statut canonique, avenir : actes du Colloque international de Salamanque (3-8 janvier 1988)$9(OLS)http://pul/title/87619 996 $6260$aParis :$bCerf$9(OLS)http://pul/publisher/48238 LEADER 01380nam a2200337 a 4500 001 000000140628 003 CaOOAMICUS 005 20141125104305.0 008 141125s1988 it u000 u ita r 020 $a88-7042-939-3 040 $aPUL$bita 100 1 $aSolari, Gioele,$d1872-1952.$0(OLS)http://pul/name/21034 245 13$aLa formazione storica e filosofica dello stato moderno/$cGioele Solari;a cura di Luigi Firpo. 250 $a2a ed. 260 $aNapoli :$bGuida Editori,$c1988. 300 $a182 p.$c22 cm 490 1 $aSaggi 504 $aBibliografia in nota. 650 4$aFilosofia politica.$0(OLS)http://pul/subject/155 650 4$aStato$zEuropa$xStoria$yOrigini.$0(OLS)http://pul/subject/22752 700 1 $aFirpo, Luigi,$d1915-1989.$0(OLS)http://pul/name/3484 830 0$aSaggi (Guida editori).$0(OLS)http://pul/title/72823 850 $aPUL 852 $aPUL$W1$xDP1 Fondo Capitani$y116$m1 B 19$j115407$qFondi$B161958$CPULBib$Z2$F161958 $HCap1977 $82 941 1 $a1 960 $aFilosofia della politica$9155 961 $aNota ms. di possesso : Capitani. 996 $6020$a88-7042-939-3$9(OLS)http://pul/number/156358 996 $6245$aLa formazione storica e filosofica dello stato moderno/$9(OLS)http://pul/title/177977 996 $6260$aNapoli :$bGuida Editori$9(OLS)http://pul/publisher/53352